书目信息 |
| 书名: | Emil and the detectives | |
| 作者: | ||
| 分册号: | ||
| 分册名: | 出版地: | London : |
|
| 出版社: | Longmans, Green and Co | |
| 出版时间: | 1950. | |
| 页数: | 80 p. | |
| 开本: | ||
| 丛书名: | ||
| 中图分类号: | ||
| 科图分类号: | ||
| 其他分类号: | H319.4 | |
| 主题词: | ||
| 电子资源: | ||
| 000 | 00611nam 2200217 a 4500 | |
| 001 | E0739027245 | |
| 005 | 20070302105329.09 | |
| 008 | uu | |
| 020 | @cCNY0.28. | |
| 040 | @aNLC | |
| 049 | @aN5LA | |
| 090 | @a2/I518.84/KE//////////272150/-59;/10cop. | |
| 090 | @aH319.4 | |
| 096 | @aI518.84 @v2 | |
| 099 | @dH319.4@ex150 | |
| 100 | 1 | @aK?stner, Erich. |
| 245 | 10 | @aEmil and the detectives |
| 260 | @aLondon :@bLongmans, Green and Co.,@c1950. | |
| 300 | @a80 p. | |
| 500 | @aEighth impression 1957. @b00 @c20020930 @lNLC09 @h2244 @lNLC09 @h2233 @lNLC09 @h1825 | |
| 852 | 9 | @bWWJC @cJ08S @k2 @hI518.84 @iKE |
| Emil and the detectives.-London : : Longmans, Green and Co., , 1950. |
| 80 p. |
| Eighth impression 1957. |
| ISBN CNY0.28. |
| ● |
| 相关链接 |
|
|
|
|
正题名:Emil and the detectives
索取号:H319.4/x150
 
预约/预借
| 序号 | 登录号 | 条形码 | 馆藏地/架位号 | 状态 | 备注 |
| 1 | 65193 | 001198965 | 第四借阅区/ [索取号:H319.4/x150] | 在馆 |